Computer data - base organization
में बचाया:
| मुख्य लेखक: | |
|---|---|
| स्वरूप: | पुस्तक |
| भाषा: | Undetermined |
| प्रकाशित: |
New Jersey
Prentice - Hall
1977
|
| विषय: | |
| टैग : |
टैग जोड़ें
कोई टैग नहीं, इस रिकॉर्ड को टैग करने वाले पहले व्यक्ति बनें!
|
| Thư viện lưu trữ: | Trung tâm Học liệu Trường Đại học Cần Thơ |
|---|
| LEADER | 00477nam a2200181Ia 4500 | ||
|---|---|---|---|
| 001 | CTU_99071 | ||
| 008 | 210402s9999 xx 000 0 und d | ||
| 082 | |a 001.6442 | ||
| 082 | |b M381 | ||
| 100 | |a Martin, James | ||
| 245 | 0 | |a Computer data - base organization | |
| 245 | 0 | |c James Martin | |
| 260 | |a New Jersey | ||
| 260 | |b Prentice - Hall | ||
| 260 | |c 1977 | ||
| 650 | |a Data base management | ||
| 904 | |i Truc | ||
| 980 | |a Trung tâm Học liệu Trường Đại học Cần Thơ | ||